| 000 | 00403nab a2200145Ia 4500 | ||
|---|---|---|---|
| 003 | ES-SlBCS | ||
| 005 | 20210601133358.0 | ||
| 008 | 140529s1946 xxu||||| |||| 00| 0 lat d | ||
| 041 | _alat | ||
| 100 | 1 |
_aWalz, Angelo _9133357 |
|
| 245 | 0 | 0 |
_aIn historiae naturam animadversio _c Angelo Walz |
| 650 | 0 | 4 |
_aHistoria Natural _9176742 |
| 773 | 0 |
_tAngelicum _gvol. 23, 1946, págs. 26-42 _wRev26 |
|
| 942 | _cAR | ||
| 999 |
_c595357 _d595357 |
||